书目信息 |
| 题名: |
胡适传记作品全编 第四卷
|
|
| 作者: | 耿云志 , 杨国彤 编 | |
| 分册: | ||
| 出版信息: | 上海 东方出版中心 1999.01 |
|
| 页数: | 295页 | |
| 开本: | 32开 | |
| 丛书名: | ||
| 单 册: | ||
| 中图分类: | K827.6 | |
| 科图分类: | ||
| 主题词: | 人物--传记--中国 | |
| 电子资源: | ||
| ISBN: | 7-80627-356-5 | |
| 000 | 00626nam0 2200205 45 | |
| 001 | 0011202070 | |
| 005 | 20001120201457.8 | |
| 010 | @a7-80627-356-5@d16.00元 | |
| 100 | @a20001120d1999 km y0chiy0120 ea | |
| 101 | 0 | @achi |
| 105 | @a z 000yy | |
| 200 | 1 | @a胡适传记作品全编 第四卷@AHu Shi Zhuan Ji Zuo Pin Quan Bian Di Si Juan@f耿云志,杨国彤编@FGeng Yun Zhi,Yang Guo Tong Bian |
| 210 | @a上海@c东方出版中心@d1999.01 | |
| 215 | @a295页@d32开 | |
| 606 | 0 | @a人物@x传记@x中国 |
| 690 | @aK827.6@v3 | |
| 701 | 0 | @a耿云志@4编 |
| 701 | 0 | @a杨国彤@4编 |
| 801 | @aCN@bPftUser@c20001120 | |
| 905 | @b418033-037@dK827.6@eH.331:4@f5 | |
| 胡适传记作品全编 第四卷/耿云志,杨国彤编.-上海:东方出版中心,1999.01 |
| 295页;32开 |
| ISBN 7-80627-356-5:16.00元 |
| ● |
| 相关链接 |
|
|
|
正题名:胡适传记作品全编第四卷
索取号:K827.6/H.331:4
 
预约/预借
| 序号 | 登录号 | 条形码 | 馆藏地/架位号 | 状态 | 备注 |
| 1 | 418033 | 204180331 | 自科二线404/309社科库 59排4列6层/ [索取号:K827.6/H.331:4] | 在馆 | |
| 2 | 418034 | 204180340 | 社科库309/309社科库 59排4列6层/ [索取号:K827.6/H.331:4] | 在馆 | |
| 3 | 418035 | 204180359 | 自科二线404/309社科库 59排4列6层/ [索取号:K827.6/H.331:4] | 在馆 | |
| 4 | 418036 | 204180368 | 社科库309/309社科库 59排4列6层/ [索取号:K827.6/H.331:4] | 在馆 | |
| 5 | 418037 | 204180377 | 自科二线404/309社科库 59排4列6层/ [索取号:K827.6/H.331:4] | 在馆 |